00461nam a2200145 a 4500008004100000050002200041100001700063245003700080246008500117260005700202350000900259650001200268650001900280700001600299120416s1978 ||||||||||||||||| || u aHD 7288.78.K4 Mul aMuller, M. S10aLocal authority housing in Kenya areport on a survey carried out by the Ministry of Housing and Social Services... aNairobibHousing Research and Development Unitc1978 a0.00 aHOUSING aHOUSING--KENYA aEygelaar, J